000 00951nab a2200253 u 4500
001 09741
003 HDC
007 cr bn ---aaaaa
008 210202c20080905my r|nes 0 a eng d
040 _aHDC
110 _aThe Criteria
245 0 _aHDC to Propose Halal Act to Government
260 _a[no place] :
_b[publisher not identified],
_c2008
336 _atext
_2rdacontent
337 _acomputer
_2rdamedia
338 _aonline resource
_2rdacarrier
650 _ahalal industry
_9144
650 _aPropose halal act
_99962
856 _zRequest full-text at [email protected]
856 _zRequest full-text at [email protected]
942 _2lcc
942 _cNEWS
942 _kNWSC 002525
999 _c7064
_d7064